Makurdi-Abuja (Record no. 38355)
[ view plain ]
| 000 -LEADER | |
|---|---|
| fixed length control field | 00353nam a2200145Ia 4500 |
| 022 ## - INTERNATIONAL STANDARD SERIAL NUMBER | |
| ISSN | PL 8821 .J68/ |
| 050 ## - CALL MARK | |
| Classification number | Journal of arts |
| 245 #0 - TITLE STATEMENT | |
| Title | Makurdi-Abuja |
| 260 ## - PUBLICATION, DISTRIBUTION, ETC. (IMPRINT) | |
| Place of publication | Development Universal Consortia |
| 260 ## - PUBLICATION, DISTRIBUTION, ETC. (IMPRINT) | |
| Name of publisher | 2010 |
| 260 ## - PUBLICATION, DISTRIBUTION, ETC. (IMPRINT) | |
| Year of publication | ix, 264 p. ; 21 cm. |
| 650 ## - SUBJECT ADDED ENTRY--TOPICAL TERM | |
| Topical Term | SR |
No items available.